Treasury = spoľahlivosť + dynamika

RNDr. Dušan Jurčák, generálny riaditeľ Divízie Treasury Slovenskej sporiteľne, a.s., o zabezpečovaní likvidity banky a efektívnom zhodnocovaní reálnych zdrojov. Obchodné kontakty s korešpondenčnými bankami v 70 krajinách. Dynamický peňažný, devízový a kapitálový trh. Zodpovednosť za podnikanie banky...

Descripción completa

Guardado en:
Detalles Bibliográficos
Autor principal: Jurčák, D.
Otros Autores: Kuchta, R., Sisková, E.
Formato: Capítulo de libro
Lenguaje:eslovaco
Materias:
Etiquetas: Agregar Etiqueta
Sin Etiquetas, Sea el primero en etiquetar este registro!

MARC

LEADER 00000naa a2200000 4500
001 r024985
005 20221205102110.5
041 0 |a slo 
044 |a SK 
245 1 0 |a Treasury = spoľahlivosť + dynamika  |c D. Jurčák, R. Kuchta, E. Sisková 
520 |a RNDr. Dušan Jurčák, generálny riaditeľ Divízie Treasury Slovenskej sporiteľne, a.s., o zabezpečovaní likvidity banky a efektívnom zhodnocovaní reálnych zdrojov. Obchodné kontakty s korešpondenčnými bankami v 70 krajinách. Dynamický peňažný, devízový a kapitálový trh. Zodpovednosť za podnikanie banky. Informácie o stave aktív a pasív. Priame kapitálové účasti Slovenskej sporiteľne, a.s. 
610 2 0 |a Slovenská sporiteľňa, a.s. Bratislava 
610 2 0 |a Divízia Treasury 
610 2 0 |a banky obchodné 
610 2 0 |a služby finančné 
610 2 0 |a sporiteľne 
610 2 0 |a 1995 
610 2 0 |a likvidita 
610 2 0 |a operácie bankové 
610 2 0 |a trh finančný 
610 2 0 |a trh kapitálový 
100 1 |a Jurčák, D. 
700 1 |a Kuchta, R. 
700 1 |a Sisková, E.